| 000 | 00455nam a2200157 i 4500 | ||
|---|---|---|---|
| 001 | 140688 | ||
| 003 | ES-MaACL | ||
| 005 | 20230906200130.0 | ||
| 007 | t| | ||
| 008 | 070914s1917 fr ||||1| fre d | ||
| 100 | 1 |
_aWelschinger, Henri. _9116466 |
|
| 245 | 1 | 2 |
_aL'Empereur Frederic III _b: 1831-1888 / _cHenri Welschinger. |
| 260 |
_a[S.l. : _bs.n.], _c1917 ( _eEvreux : _fCh. Herissey) |
||
| 300 |
_aXII, 334 p. ; _c23 cm. |
||
| 852 |
_aES-MaACL _jF-8940 |
||
| 999 |
_c140688 _d140688 |
||